War and Peace Characters - Statistics

General Stats
  • This quiz has been taken 78 times
    77 since last reset
  • The average score is 14 of 177
Answer Stats
Answers % Correct
Andrei Bolkonsky
63%
Ilya Rostov
63%
Nikolai Rostov
60%
Petya Rostov
58%
Pierre Bezukhov
57%
Napoléon Bonaparte
53%
Anatole Kuragin
47%
Nikolay Bolkonsky
47%
Natasha Rostova
45%
Alexander I
43%
Kutuzov
43%
Hippolyte Kuragin
42%
Vasili Kuragin
42%
Anna Scherer
38%
Boris Drubetskoy
38%
Sonya
37%
Orlov-Denisov
35%
Vasily Denisov
35%
Fedor Dolokhov
33%
Marya Bolkonskaya
33%
Vera Rostova
33%
Hélène Kuragina
32%
Kirill Bezukhov
32%
Natalya Rostova
30%
Alphonse Berg
23%
Anna Drubetskaya
23%
Lisa Bolkonskaya
23%
Bagration
20%
Julie Karagina
20%
Osterman-Tolstoy
20%
Tolstoy
20%
Bourienne
18%
Aline Kuragina
17%
Speransky
15%
Platon Karataev
13%
Marya Karagina
12%
Bennigsen
10%
Murat
10%
Balaga
8%
Bilibin
8%
Ney
8%
Volkonsky
8%
Davout
7%
Mack
7%
Maria Dolokhova
7%
Pyotr Nikolaitch Shinshin
7%
Rostopchin
7%
Arakcheyev
5%
Ramballe
5%
Tushin
5%
Barclay of Tolly
3%
Dolgorukov
3%
Francis II
3%
Iosif Bazdeev
3%
Magnitsky
3%
Nesvitsky
3%
Tikhon
3%
von Toll
3%
Zherkov
3%
Balashov
2%
Dunyasha
2%
Ilyin
2%
Iogel
2%
Joseph Bazdéev
2%
Karp
2%
Katerina Mamontova
2%
Lavrushka
2%
Lazarev
2%
Louis Berthier
2%
Marya Akhrosimova
2%
Michaud
2%
Mikhail Ivanovich
2%
Monsieur Dessalles
2%
Mortemart
2%
Pavel Chichagov
2%
Stevens
2%
Yermolov
2%
Abbé Morio
0%
Akinfi
0%
Andrei Kaysarov
0%
Anna Malvintsev
0%
Baggehufwudt
0%
Baron Funke
0%
Barthélemy
0%
Belliard
0%
Bitsky
0%
Broussier
0%
Brozin
0%
Carl von Clausewitz
0%
Chatrov
0%
Count Platov
0%
Dimmler
0%
Dmitri Onufrich
0%
Dmitri Vasileyevich
0%
Dokhturov
0%
Dominique Jean Larrey
0%
Dron Zakhárych
0%
Esaul Lovaisky
0%
Eykhen
0%
Fabvier
0%
Feoklititch
0%
Ferapontov
0%
Filipp
0%
Galitzine
0%
Gavrilo
0%
Gerasim
0%
Gervais
0%
Glinka
0%
Grekov
0%
Hvostikov
0%
Jacques Lauriston
0%
Jean Rapp
0%
Julner
0%
Karl von Phull
0%
Katerina Petrovna
0%
Kirsten
0%
Kochubey
0%
Komarov
0%
Kondratyevna
0%
Kozlovsky
0%
Langeron
0%
Lihachov
0%
Lopuhin
0%
Lorrain
0%
Makar Bazdeyev
0%
Makarin
0%
Malasha
0%
Maria Bogdanovna
0%
Maria Feodorovna
0%
Maria Hendrihovna
0%
Maria Peronskaya
0%
Matriona
0%
Mavra
0%
Mavra Kuzminishna
0%
Métivier
0%
Mikhail Nikanorych
0%
Miloradovich
0%
Mitka
0%
Morel
0%
Mouton
0%
Nastasya Ivanovna
0%
Nikolay Novosiltsev
0%
Paisi Kaysarov
0%
Pelageya Melyukova
0%
Piotr Konovnitsyn
0%
Praskovya Savishna
0%
Prokofy
0%
Raevsky
0%
Repnin
0%
Schmitt
0%
Schoss
0%
Semeon Tchekmar
0%
Shapovalov
0%
Shcherbinin
0%
Smolyaninov
0%
Sophia Mamontova
0%
Stepan Adraksin
0%
Suhtelen
0%
Telyanin
0%
Theodosia
0%
Tikhon Shtcherbatov
0%
Timohin
0%
Tishka
0%
Tutolmin
0%
Vasilevich
0%
Vereshchagin
0%
Vyazmitinov
0%
Weyrother
0%
Willarski
0%
Wintzingerode
0%
Wolzogen
0%
Yakov Alpatych
0%
Yakovlev
0%
Zakhar
0%
Zdrzhinsky
0%
Zherkhov
0%
Zhilinsky
0%
No matching quizzes found
Score Distribution
Percent of People with Each Score
Percentile by Number Answered
Your Score History
You have not taken this quiz since the last reset